|
|
|
|
| LEADER |
00000cam a2200000 7i4500 |
| 001 |
0000135177 |
| 005 |
20200129.0 |
| 008 |
200129t19661997 si 000 m |
| 020 |
|
|
|a 9679373878
|
| 040 |
|
|
|a PERPUSTAM
|b eng
|c PERPUSTAM
|e rda
|
| 090 |
0 |
0 |
|a 928.9923
|b ABD
|
| 100 |
1 |
|
|a Abdullah bin Abdul Kadir
|c Munshi,
|c 1796-1854
|
| 245 |
1 |
0 |
|a Hikayat Abdullah
|
| 264 |
|
1 |
|a Kuala Lumpur : :
|b Pustaka Antara,
|c 1966.
|
| 300 |
|
|
|a 2v.(443)p. :
|b illus. ;
|c 19cm.
|
| 336 |
|
|
|a text, rdacontent
|
| 337 |
|
|
|a unmediated
|2 rdamedia
|
| 338 |
|
|
|a volume
|2 rdacarrier
|
| 650 |
|
0 |
|a Autobiography
|
| 999 |
|
|
|a 0000610479
|b Buku
|c Koleksi Melaka
|e Perbadanan Perpustakaan Awam Melaka
|